=LDR 00000nam 2200000 4500 =001 INLIS000000000021359 =005 20130612120226 =008 ***********************************Ind** =035 ##$$0010-061300000021359 =041 ##$$a Ind =082 ##$$a 657.2 =090 ##$$a 657.2, Len p =100 ##$$a Lentge, Peter =245 ##$$a pengantar Sistem Pembukuan Taylorix, Peter Lentge ; Alih Bahasa : A. Hernigues =260 ##$$a 1978 $b Jakarta =300 ##$$a xii, 73 hlm, Ilus, 21 cm =650 ##$$a Pembukuan Taylorix - Pengantar =700 ##$$a Hernigues, A =850 ##$$a NBPNMAT